El Tratado del hombre / (Record no. 7940)

MARC details
000 -LEADER
campo de control de longitud fija 00800nam a2200241 i 4500
001 - NÚMERO DE CONTROL
campo de control 7940
003 - IDENTIFICADOR DE NÚMERO DE CONTROL
campo de control ES-MaACL
005 - FECHA Y HORA DE LA ÚLTIMA TRANSACCIÓN
campo de control 20250727022512.0
007 - CAMPO FIJO DE DESCRIPCIÓN FÍSICA--INFORMACIÓN GENERAL
campo de control de longitud fija t|
008 - DATOS DE LONGITUD FIJA--INFORMACIÓN GENERAL
campo de control de longitud fija 910612s1990 sp ||||1| spa d
020 ## - NÚMERO INTERNACIONAL ESTÁNDAR DEL LIBRO
Número Internacional Estándar del Libro 84-206-2663-5
080 ## - NÚMERO DE LA CLASIFICACIÓN DECIMAL UNIVERSAL
Número de la Clasificación Decimal Universal 141.319.8
100 1# - ENTRADA PRINCIPAL--NOMBRE DE PERSONA
Nombre de persona Descartes, René,
Fechas asociadas al nombre 1596-1650
9 (RLIN) 43838
245 13 - MENCIÓN DEL TÍTULO
Título El Tratado del hombre /
Mención de responsabilidad, etc. Rene Descartes ; edicion a cargo de Guillermo Quintas.
260 ## - PUBLICACIÓN, DISTRIBUCIÓN, ETC.
Lugar de publicación, distribución, etc. Madrid :
Nombre del editor, distribuidor, etc. Alianza,
Fecha de publicación, distribución, etc. D.L. 1990.
300 ## - DESCRIPCIÓN FÍSICA
Extensión 120 p. :
Otras características físicas il. ;
Dimensiones 20 cm.
490 1# - MENCIÓN DE SERIE
Mención de serie Alianza universidad. Filosofía ;
Designación de volumen o secuencia 663
650 #7 - PUNTO DE ACCESO ADICIONAL DE MATERIA--TÉRMINO DE MATERIA
Término de materia o nombre geográfico como elemento de entrada Antropología filosófica
Fuente del encabezamiento o término embne
9 (RLIN) 9891
700 1# - ENTRADA AGREGADA--NOMBRE PERSONAL
Nombre de persona Quintas, Guillermo.
9 (RLIN) 94710
830 0# - PUNTO DE ACCESO ADICIONAL DE SERIE-TÍTULO UNIFORME
Título uniforme Alianza universidad. Filosofía ;
Designación de volumen o secuencia 663
9 (RLIN) 178002
852 ## - LOCALIZACIÓN
Ubicación ES-MaACL
Número de control de estantería L-15350
Sublocalización o colección R.119540
Nota libre . - rust.
Holdings
Estatus retirado Estado de pérdida Estado de daño No para préstamo Biblioteca de origen Biblioteca actual Ubicación en estantería Fecha de adquisición Fuente de adquisición Total de préstamos Signatura topográfica completa Código de barras Visto por última vez Precio de reemplazo Tipo de ítem Koha
        Biblioteca del Ateneo de Madrid Biblioteca del Ateneo de Madrid Depósito 2 17/01/2008     L-15350 1008097 23/02/2023 23/02/2023 Libro impreso